000 00617nam a2200217Ia 4500
003 OSt
005 20220107122745.0
008 130318s9999 xx 000 0 und d
020 _a9788126516458
040 _cIIITM-K
082 _a005.73C++ PRE/D
100 _aPreiss, Bruno R
_95055
245 _aData structures and algorithms:
_bWith object oriented design patterns in C++
_cby Bruno R Preiss
260 _bWiley,
_aNew Delhi,
_c2003.
300 _axvii, 660p.
650 _aCOMPUTER SCIENCE
_95056
650 _aDATASTRUCTURES
_95057
650 _aALGORITHMS
_95058
650 _aC++
_95059
942 _2ddc
_cBK
999 _c4126
_d4126